Slovenské plynárenstvo ozelenieva, začalo s produkciou biometánu

Biometán je jednou z ciest, ktorou sa európske aj slovenské plynárenstvo bude v budúcnosti uberať, a to najmä vďaka jeho potenciálu prispieť k dekarbonizácii energetiky či dopravy a rozvoju cirkulárnej ekonomiky. Európska únia jeho úlohu uznala vo viacerých dokumentoch, či už v balíčku Fit for 55, p...

Description complète

Enregistré dans:
Détails bibliographiques
Auteur principal: Jurkovič, Peter
Format: Chapitre de livre
Langue:slovaque
Sujets:
Tags: Ajouter un tag
Pas de tags, Soyez le premier à ajouter un tag!

MARC

LEADER 00000naa a2200000 4500
001 0288665
005 20260127130317.3
041 0 |a slo 
044 |a SK 
245 1 0 |a Slovenské plynárenstvo ozelenieva, začalo s produkciou biometánu  |c P. Jurkovič 
520 |a Biometán je jednou z ciest, ktorou sa európske aj slovenské plynárenstvo bude v budúcnosti uberať, a to najmä vďaka jeho potenciálu prispieť k dekarbonizácii energetiky či dopravy a rozvoju cirkulárnej ekonomiky. Európska únia jeho úlohu uznala vo viacerých dokumentoch, či už v balíčku Fit for 55, plynárenskom balíčku či naposledy pri predstavení plánu REPowerEU, v ktorom má byť spolu s vodíkom jedným z pilierov zvyšovania odolnosti celoeurópskeho energetického systému a hrať úlohu aj pri zvyšovaní bezpečnosti dodávok. 
610 2 0 |a priemysel plynárenský 
610 2 0 |a dekarbonizácia 
610 2 0 |a energetika 
610 2 0 |a bioplyn 
610 2 0 |a bezpečnosť energetická 
610 2 0 |a Európska únia 
610 2 0 |a Slovensko 
100 1 |a Jurkovič, Peter